000 00634nam a22001697a 4500
003 UA-OsUOA
001 7581
007 ta
008 20040622b un ||||| |||| 00| 0 ukr d
942 _cSA
040 _aUA-OsUOA
_cUA-OsUOA
_dUA-OsUOA
245 _aТеорія перспектив : [ Про лауреатів Нобелівської премії , психологів Канемана Д. , Тверскі А. та їх теорію перспектив ]
300 _aС.87-91
955 _a0
773 0 _w0
_tЕкономіка України
_dКиїв
_d2004
_g№6
650 7 _aЕкономічна психологія
_2UDC
999 _c293742
_d293742